LEADER 01245nam a2200277 i 4500 001 000000176272 003 CaOOAMICUS 005 20081205000000.0 008 081205s1978 it u000 u ita u 013 $a153758 040 $aSeMil$bita 100 1 $aBordonove, Georges.$0(OLS)http://semarc/name/48292 240 10$aGrands Mystère et Drames de la Mer.$0(OLS)http://semarc/title/252951 245 13$aIl destino sul mare :$bdal mistero del drakkar vikingo all'affondamento del "Titanic" /$cGeorges Bordonove ; traduzione dal francese di Adriana Crespi Bortolini. 260 $aMilano :$bRusconi,$c1978. 300 $a261 p. ;$c21 cm. 490 0 $aPlaybook 500 $aContiene : Bibliografia. - Dono del card. Giovanni Colombo. 700 1 $aCrespi Bortolini, Adriana.$0(OLS)http://semarc/name/41552 830 0$aPlaybook.$0(OLS)http://semarc/title/25077 850 $aSeMil 852 $aSeMil$W1$xVenegono$y1$m1T IV 22$j243813$B127094$CSeMilBibl$Z2$F139597 $81 941 1 $a3 961 $aLascito: Colombo Card. Giovanni 996 $6245$aIl destino sul mare :$bdal mistero del drakkar vikingo all'affondamento del "Titanic"$9(OLS)http://semarc/title/252950 996 $6260$aMilano :$bRusconi$9(OLS)http://semarc/publisher/30258 LEADER 00665nam a2200169 i 4500 001 000000000751 003 CaOOAMICUS 005 20180830125434.0 008 180830s1999 it d u000 u ita u 040 $aSeMil$bita 245 12$aI titoli e i personaggi. 650 4$aMusica - Enciclopedie e dizionari.$0(OLS)http://semarc/subject/191 773 0 $tDizionario enciclopedico universale della musica e dei musicisti.$dTorino : UTET, 1983-1990.$w()6722 774 0 $tA-F.$z8802053456$gVolume1$w()59968 774 0 $z88-02-05345-6$gVolume2$w()103787 774 0 $tS-Z ; Appendici ; Indice analitico.$g3$w()103788 996 $6245$aI titoli e i personaggi$9(OLS)http://semarc/title/1115